Normal view
MARC view
Entry Personal Name
001 - CONTROL NUMBER
- control field: 265930
003 - CONTROL NUMBER IDENTIFIER
- control field: OSt
005 - DATE AND TIME OF LATEST TRANSACTION
- control field: 20260623115522.0
008 - FIXED-LENGTH DATA ELEMENTS
- fixed length control field: 260623|| aca||aabn | a|a d
040 ## - CATALOGING SOURCE
- Original cataloging agency: OSt
- Transcribing agency: OSt
100 ## - HEADING--PERSONAL NAME
- Personal name: Keshava Sharma K
670 ## - SOURCE DATA FOUND
- Source citation: Work cat.: (OSt)241509: Keshava Sharma K, Kannada kavya meemamse, 2023